Statistics for Olympic Men's Gymnastics Team Champions

Click here to take the quiz!

General Stats

  • This quiz has been taken 31 times
  • The average score is 70 of 81

Answer Stats

YearMedalCountry% Correct
2020BronzeChina
100%
2012GoldChina
100%
1984SilverChina
100%
1992SilverChina
100%
1996SilverChina
100%
2008GoldChina
100%
2000GoldChina
100%
2016BronzeChina
100%
1912BronzeGreat Britain
100%
2012BronzeGreat Britain
100%
1964GoldJapan
100%
1968GoldJapan
100%
1972GoldJapan
100%
1976GoldJapan
100%
2020SilverJapan
100%
1984BronzeJapan
100%
1988BronzeJapan
100%
2012SilverJapan
100%
1992BronzeJapan
100%
2016GoldJapan
100%
1956SilverJapan
100%
2004GoldJapan
100%
2008SilverJapan
100%
1960GoldJapan
100%
1984GoldUnited States
100%
2004SilverUnited States
100%
1904SilverUnited States
100%
2008BronzeUnited States
100%
1904GoldUnited States
100%
1904BronzeUnited States
100%
1932SilverUnited States
100%
2020GoldROC
96%
2000BronzeRussia
96%
2016SilverRussia
96%
1996GoldRussia
96%
1920BronzeFrance
92%
1924SilverFrance
92%
1964BronzeGermany
88%
1936GoldGermany
88%
1932GoldItaly
88%
1920GoldItaly
88%
1912GoldItaly
88%
1960BronzeItaly
88%
1924GoldItaly
88%
1980GoldSoviet Union
88%
1988GoldSoviet Union
88%
1968SilverSoviet Union
88%
1976SilverSoviet Union
88%
1972SilverSoviet Union
88%
1964SilverSoviet Union
88%
1960SilverSoviet Union
88%
1952GoldSoviet Union
88%
1956GoldSoviet Union
88%
2004BronzeRomania
79%
1992GoldUnified Team
79%
1924BronzeSwitzerland
75%
1936SilverSwitzerland
75%
1948SilverSwitzerland
75%
1952SilverSwitzerland
75%
1928GoldSwitzerland
75%
1996BronzeUkraine
75%
2000SilverUkraine
75%
1988SilverEast Germany
67%
1968BronzeEast Germany
67%
1980SilverEast Germany
67%
1976BronzeEast Germany
67%
1972BronzeEast Germany
67%
1908SilverNorway
67%
1908GoldSweden
67%
1920SilverBelgium
63%
1928SilverCzechoslovakia
63%
1956BronzeFinland
63%
1948GoldFinland
63%
1952BronzeFinland
63%
1908BronzeFinland
63%
1936BronzeFinland
63%
1932BronzeFinland
63%
1928BronzeYugoslavia
63%
1980BronzeHungary
58%
1948BronzeHungary
58%
1912SilverHungary
58%

Score Distribution

Percentile by Number Answered

Percent of People with Each Score

Your Score History

You have not taken this quiz